La sostenibilidad fiscal y la política de balance cíclicamente ajustado (Registro nro. 34761)

Detalles MARC
000 -LEADER
fixed length control field 00420 a2200133 4500
001 - CONTROL NUMBER
control field ART_46682
005 - DATE AND TIME OF LATEST TRANSACTION
control field 20260410162040.0
008 - FIXED-LENGTH DATA ELEMENTS--GENERAL INFORMATION
fixed length control field 260409a
100 1# - MAIN ENTRY--PERSONAL NAME
Personal name Villena, Mauricio G.
245 10 - TITLE STATEMENT
Title La sostenibilidad fiscal y la política de balance cíclicamente ajustado
700 1# - ADDED ENTRY--PERSONAL NAME
Personal name Gamboni, Cristóbal
700 1# - ADDED ENTRY--PERSONAL NAME
Personal name Tomaselli, Andrés
773 0# - HOST ITEM ENTRY
Title Revista Cepal
Related parts - Nº 124 (abr. 2018)
Record control number REV45125

No hay ítems disponibles.